00450nam a22001572 4500001001100000005001700011008004100028040001500069100003700084245006100121250001300182260002500195300001200220651005700232852000300289000001173420151217155846.0090106s xx 000 0 eng d aKABUcKABU1 aJonveaux, Par Emile.@000016773010aDeux ans dans L'Afrique orientale /cPar Emile Jonveaux. a1st ed. a[?] :bTours,c1881. a207 p. 0aAfrica, CentralxDescription and travel.@00001486741